SAT Words HARD Click Quiz - G #3 - Statistics

General Stats
  • This quiz has been taken 279 times
  • The average score is 10 of 15
Answer Stats
Hint Answer % Correct
Cold, spicy, vegetable soup Gazpacho
95%
Brave, chivalrous, stately Gallant
88%
Shock or excite someone into action Galvanize
84%
Using fancy, bombastic language to sound important Grandiloquent
84%
Book of spells or magic Grimoire
72%
Person of high social status Grandee
67%
Method of painting using opaque watercolours Gouache
65%
Excessive greediness or hunger; voracity Gulosity
64%
Circular motion; vortex Gyre
63%
Muster oneself for action; or, encircle Gird
58%
Money, particularly that gained by illicit means Gelt
54%
Extremely complex or tortuous Gordian
49%
Hard and unyielding in approach; soullessly utilitarian Gradgrindian
49%
Unified whole that is more than the sum of its parts Gestalt
48%
Yellow-green or bluish-gray in colour Glaucous
35%
No matching quizzes found
Score Distribution
Percent of People with Each Score
Percentile by Number Answered
Your Score History
You have not taken this quiz